Normal view
MARC view
- Court decisions and opinions
Entry Genre/Form Term
001 - CONTROL NUMBER
- control field: 80925
003 - CONTROL NUMBER IDENTIFIER
- control field: NUST
005 - DATE AND TIME OF LATEST TRANSACTION
- control field: 20210707094925.0
008 - FIXED-LENGTH DATA ELEMENTS
- fixed length control field: 210707|| aca||aabn | a|a d
040 ## - CATALOGING SOURCE
- Original cataloging agency: NUST
- Transcribing agency: NUST
155 ## - HEADING--GENRE/FORM TERM
- Genre/form term: Court decisions and opinions
670 ## - SOURCE DATA FOUND
- Source citation: Work cat.: (NUST)585795: The Supreme Court monthly review 1986, 1986.
